<?xml version="1.0" encoding="UTF-8"?>
<record
    xmlns:xsi="http://www.w3.org/2001/XMLSchema-instance"
    xsi:schemaLocation="http://www.loc.gov/MARC21/slim http://www.loc.gov/standards/marcxml/schema/MARC21slim.xsd"
    xmlns="http://www.loc.gov/MARC21/slim">

  <leader>00832nam a22002537a 4500</leader>
  <controlfield tag="005">20170123162351.0</controlfield>
  <datafield tag="010" ind1=" " ind2=" ">
    <subfield code="a">B-201012</subfield>
  </datafield>
  <datafield tag="020" ind1=" " ind2=" ">
    <subfield code="c">125.00</subfield>
    <subfield code="a">8185785465</subfield>
  </datafield>
  <datafield tag="035" ind1=" " ind2=" ">
    <subfield code="a">B-201012</subfield>
  </datafield>
  <datafield tag="037" ind1=" " ind2=" ">
    <subfield code="b">Cen Lib/Ret</subfield>
  </datafield>
  <datafield tag="040" ind1=" " ind2=" ">
    <subfield code="a">DPL</subfield>
    <subfield code="b">UR</subfield>
  </datafield>
  <datafield tag="082" ind1=" " ind2=" ">
    <subfield code="a">910.4</subfield>
    <subfield code="b">&#x633; &#x6C1; &#x6AF; </subfield>
  </datafield>
  <datafield tag="100" ind1=" " ind2=" ">
    <subfield code="a">&#x633;&#x6C1;&#x6AF;&#x644;&#x60C; &#x686;&#x631;&#x646; &#x62C;&#x6CC;&#x62A; &#x644;&#x627;&#x644;</subfield>
    <subfield code="9">130008</subfield>
  </datafield>
  <datafield tag="245" ind1=" " ind2=" ">
    <subfield code="a">/ &#x627;&#x633;&#x644;&#x627;&#x645; &#x62F;&#x6CC;&#x627;&#x631;&#x650; &#x648;&#x637;&#x646;</subfield>
    <subfield code="c">&#x686;&#x631;&#x646; &#x62C;&#x6CC;&#x62A; &#x644;&#x627;&#x644; &#x633;&#x6C1;&#x6AF;&#x644;</subfield>
  </datafield>
  <datafield tag="246" ind1=" " ind2=" ">
    <subfield code="a">Islamdyar-e-vatan /</subfield>
    <subfield code="b">by ChatanJeet La lSahni</subfield>
  </datafield>
  <datafield tag="260" ind1=" " ind2=" ">
    <subfield code="a">&#x646;&#x626;&#x6CC; &#x62F;&#x6C1;&#x644;&#x6CC;</subfield>
    <subfield code="b">&#x627;&#x62F;&#x627;&#x631;&#x6C1; &#x641;&#x6A9;&#x631;- &#x62C;&#x62F;&#x6CC;&#x62F; </subfield>
    <subfield code="c">2006</subfield>
  </datafield>
  <datafield tag="270" ind1=" " ind2=" ">
    <subfield code="a">&#x62F;&#x631;&#x6CC;&#x627; &#x6AF;&#x646;&#x62C; </subfield>
    <subfield code="b">&#x646;&#x626;&#x6CC; &#x62F;&#x6C1;&#x644;&#x6CC;</subfield>
    <subfield code="e">110002</subfield>
  </datafield>
  <datafield tag="300" ind1=" " ind2=" ">
    <subfield code="a">95p. </subfield>
    <subfield code="c">20cm(Hb)</subfield>
  </datafield>
  <datafield tag="650" ind1=" " ind2=" ">
    <subfield code="a">&#x627;&#x631;&#x62F;&#x648; &#x627;&#x62F;&#x628;</subfield>
    <subfield code="9">142893</subfield>
  </datafield>
  <datafield tag="650" ind1=" " ind2=" ">
    <subfield code="a">&#x627;&#x631;&#x62F;&#x648; &#x627;&#x62F;&#x628;</subfield>
    <subfield code="9">142894</subfield>
  </datafield>
  <datafield tag="650" ind1=" " ind2=" ">
    <subfield code="a">Urdu Literature</subfield>
    <subfield code="9">142895</subfield>
  </datafield>
  <datafield tag="650" ind1=" " ind2=" ">
    <subfield code="a">Urdu Literature</subfield>
    <subfield code="9">142896</subfield>
  </datafield>
  <datafield tag="942" ind1=" " ind2=" ">
    <subfield code="2">ddc</subfield>
    <subfield code="c">UR</subfield>
    <subfield code="h">910.4</subfield>
    <subfield code="m">&#x633; &#x6C1; &#x6AF; </subfield>
  </datafield>
  <datafield tag="999" ind1=" " ind2=" ">
    <subfield code="c">109224</subfield>
    <subfield code="d">109224</subfield>
  </datafield>
  <datafield tag="952" ind1=" " ind2=" ">
    <subfield code="0">0</subfield>
    <subfield code="1">0</subfield>
    <subfield code="4">0</subfield>
    <subfield code="7">0</subfield>
    <subfield code="a">L</subfield>
    <subfield code="b">L</subfield>
    <subfield code="d">2016-02-26</subfield>
    <subfield code="e">Cen Lib/Ref</subfield>
    <subfield code="g">125.00</subfield>
    <subfield code="l">0</subfield>
    <subfield code="o">910.4 &#x633; &#x6C1; &#x6AF;</subfield>
    <subfield code="p">B-201012</subfield>
    <subfield code="r">2016-02-26 00:00:00</subfield>
    <subfield code="t">1</subfield>
    <subfield code="v">125.00</subfield>
    <subfield code="w">2016-09-15</subfield>
    <subfield code="y">UR</subfield>
  </datafield>
</record>
